[Event "ECC"]
[Site "Halkidiki GRE"]
[Date "2002.09.28"]
[Round "7"]
[White "Gulbas,C"]
[Black "Lerner,K"]
[Result "0-1"]
[WhiteElo "2301"]
[BlackElo "2536"]
[EventDate "2002.09.22"]

1. e4 c5 2. Nf3 d6 3. d4 cxd4 4. Nxd4 Nf6 5. Nc3 Nc6 6. Bg5 e6 7. Qd2 a6 8.
O-O-O h6 9. Bh4 Nxe4 10. Qf4 Ng5 11. Qe3 Nxd4 12. Rxd4 Be7 13. f4 Nh7 14.
Bxe7 Qxe7 15. Bc4 b5 16. Be2 O-O 17. Rhd1 Rd8 18. Qd3 Bb7 19. g3 d5 20. a3
Rdc8 21. Qe3 Rc7 22. Bd3 Nf6 23. Ne2 Bc6 24. g4 Nxg4 25. Qg3 f5 26. Rg1 a5
27. Qh3 b4 28. axb4 axb4 29. Rxg4 fxg4 30. Qxg4 Be8 31. b3 Ra5 32. Kd2 Bb5
33. Bxb5 Rxb5 34. Rd3 Rbc5 35. Nd4 Qf8 36. Kd1 Rc3 37. Rxc3 Rxc3 38. Nxe6
Re3 0-1

[Event "ECC"]
[Site "Halkidiki GRE"]
[Date "2002.09.28"]
[Round "7"]
[White "Goossens,E"]
[Black "Rabinovich,Al"]
[Result "1/2-1/2"]
[WhiteElo "2189"]
[BlackElo "2435"]
[EventDate "2002.09.22"]

1. e4 e6 2. d4 d5 3. Nc3 Nf6 4. exd5 exd5 5. Bg5 Be7 6. Bd3 Nc6 7. Nge2 Nb4
8. O-O O-O 9. Ng3 h6 10. Bf4 Re8 11. Re1 Nxd3 12. Qxd3 c6 13. Re2 Bg4 14.
f3 Bd7 15. Rae1 Bf8 16. Be5 Re6 17. f4 Re8 18. f5 c5 19. Kh1 Ng4 20. Qf3
cxd4 21. Qxg4 dxc3 22. Bxc3 Qg5 23. Qxg5 hxg5 24. Rxe8 Bxe8 25. Ne2 Bd7 26.
Nd4 Rc8 27. Bd2 f6 28. g4 Bd6 29. c3 g6 30. h3 Kg7 31. Kg2 Rc4 32. Re2 b5
33. Be1 Be5 34. Nf3 gxf5 35. Nxe5 fxe5 36. Rxe5 Kf6 37. Re2 fxg4 38. h4
gxh4 39. Bxh4+ Kf5 40. Bf2 a6 41. Bd4 Rc8 42. b4 Re8 43. Rxe8 Bxe8 44. Kg3
Bd7 45. Bh8 Be8 46. Bg7 Bf7 47. a3 Bg6 48. Bh8 Kg5 49. Bd4 Be4 50. Bg7 Bf3
51. Bh8 Kf5 52. Bd4 Ke4 53. Bg7 Kd3 54. Bf6 Kc4 55. Be5 Kb3 56. Bf6 Kxa3
57. Bd4 Kb3 58. Kf4 Bd1 59. Kg3 Kc4 60. Bf6 Bf3 61. Bg7 Kd3 62. Bf6 Ke4 63.
Bg7 Kf5 64. Bd4 Bd1 65. Bg7 Bc2 66. Bd4 Bb1 67. Bg7 Kg5 68. Bd4 Bf5 69.
Be3+ Kh5 70. Bf2 Bd7 71. Kf4 Kg6 72. Bd4 Bc8 73. Be3 1/2-1/2

[Event "ECC"]
[Site "Halkidiki GRE"]
[Date "2002.09.28"]
[Round "7"]
[White "Luther,T"]
[Black "Banikas,H"]
[Result "1/2-1/2"]
[WhiteElo "2551"]
[BlackElo "2521"]
[EventDate "2002.09.22"]

1. e4 c5 2. Nf3 Nc6 3. d4 cxd4 4. Nxd4 Qc7 5. Nc3 e6 6. Be3 a6 7. Qd2 Nf6
8. O-O-O Ng4 9. Bf4 Nge5 10. Bg3 Nxd4 11. Qxd4 f6 12. f4 Bc5 13. Qd2 Nf7
14. e5 f5 15. Bf2 Bxf2 16. Qxf2 b5 17. Rg1 Qa7 18. Qxa7 Rxa7 19. g4 fxg4
20. Rxg4 O-O 21. Bd3 Nh6 22. Rg5 Bb7 23. Rdg1 Rf7 24. Kd2 Kh8 25. Ke3 Ra8
26. Ne2 Raf8 27. a3 Ng8 28. Rh5 Nh6 29. Rhg5 Ng8 1/2-1/2

[Event "ECC"]
[Site "Halkidiki GRE"]
[Date "2002.09.28"]
[Round "7"]
[White "Marjanovic,S"]
[Black "Stanec,N"]
[Result "1-0"]
[WhiteElo "2485"]
[BlackElo "2523"]
[EventDate "2002.09.22"]

1. e4 c5 2. Nf3 Nc6 3. d4 cxd4 4. Nxd4 Nf6 5. Nc3 d6 6. Bg5 e6 7. Qd2 Be7
8. O-O-O O-O 9. f4 h6 10. Bxf6 Bxf6 11. Nxc6 bxc6 12. Qxd6 Qb6 13. Qd3 Rb8
14. b3 Qb4 15. Kb2 Rd8 16. Qxd8+ Bxd8 17. Rxd8+ Kh7 18. Be2 a5 19. a3 Qe7
20. Rhd1 a4 21. Nxa4 Qf6+ 22. Nc3 Qxf4 23. g3 Qc7 24. Bc4 h5 25. R1d6 e5
26. Rd2 f6 27. Be2 Bg4 28. R8d3 Rb7 29. Bxg4 hxg4 30. Nd1 Kg6 31. Ne3 Kg5
32. Nc4 Qe7 33. Rd6 Rc7 34. a4 g6 35. a5 f5 36. exf5 gxf5 37. Re2 e4 38.
Red2 Qg7+ 39. c3 Qf8 40. b4 Qf7 41. Ne5 Qe8 42. Rg6+ Kh5 43. Rdd6 Rh7 44.
Rde6 Qh8 45. Ref6 Qc8 1-0

[Event "ECC"]
[Site "Halkidiki GRE"]
[Date "2002.09.28"]
[Round "7"]
[White "Kindermann,S"]
[Black "Mastrovasilis,A"]
[Result "1-0"]
[WhiteElo "2519"]
[BlackElo "2461"]
[EventDate "2002.09.22"]

1. e4 c5 2. Nf3 e6 3. b3 b6 4. d4 cxd4 5. Nxd4 Bb7 6. Nb5 Bxe4 7. N1c3 Nf6
8. Bf4 Bb4 9. Bd6 Bxc3+ 10. Nxc3 Bc6 11. Qd4 Qc8 12. O-O-O Na6 13. Rd3 Qb7
14. Rg3 O-O-O 15. Be7 Rde8 16. Rxg7 Ng8 17. Bd6 Nh6 18. Bd3 Nc7 19. f3 Nf5
20. Bxf5 exf5 21. Rxf7 Ne6 22. Qd2 h5 23. h4 f4 24. Bxf4 Rhf8 25. Rxf8 Rxf8
26. Bd6 Rg8 27. Re1 Qa6 28. Kb2 Kb7 29. a4 Ka8 30. Nd5 Qb7 31. Nf6 Rg6 32.
Nxh5 a5 33. Nf4 Nxf4 34. Bxf4 1-0

[Event "ECC"]
[Site "Halkidiki GRE"]
[Date "2002.09.28"]
[Round "7"]
[White "Watzka,H"]
[Black "Karayannis,A"]
[Result "0-1"]
[WhiteElo "2351"]
[BlackElo "2391"]
[EventDate "2002.09.22"]

1. e4 c5 2. Nf3 a6 3. c3 e6 4. d4 d5 5. e5 Nc6 6. a3 Bd7 7. b4 cxd4 8. cxd4
Rc8 9. Nbd2 Bxb4 10. Bb2 Bxd2+ 11. Qxd2 Nge7 12. Bd3 Na5 13. Qg5 Ng6 14.
Rc1 Qxg5 15. Rxc8+ Ke7 0-1

[Event "ECC"]
[Site "Halkidiki GRE"]
[Date "2002.09.28"]
[Round "7"]
[White "Papadopoulou,V"]
[Black "Detter,P"]
[Result "1-0"]
[WhiteElo "2152"]
[BlackElo "2170"]
[EventDate "2002.09.22"]

1. d4 d5 2. c4 e6 3. Nf3 Nf6 4. Nc3 Be7 5. Bg5 O-O 6. e3 h6 7. Bxf6 Bxf6 8.
Rc1 b6 9. cxd5 exd5 10. Bd3 Bb7 11. O-O Nd7 12. Bb1 Rc8 13. Qd3 g6 14. b4
Re8 15. a4 Nf8 16. Ba2 a6 17. b5 axb5 18. axb5 Qd6 19. Rfe1 Ra8 20. h4 Kg7
21. h5 Ra3 22. hxg6 fxg6 23. Qc2 Rea8 24. Bb3 Ne6 25. Nb1 R3a5 26. e4 Bd8
27. e5 Qb4 28. Nc3 Nxd4 29. Nxd4 Qxd4 30. Rcd1 Qc5 31. Bxd5 Ra3 32. Bxb7
Rxc3 33. Rd7+ Be7 34. Rxe7+ Qxe7 35. Qxc3 Ra3 36. Qd4 Rb3 37. e6+ Kg8 38.
Qd7 1-0

[Event "ECC"]
[Site "Halkidiki GRE"]
[Date "2002.09.28"]
[Round "7"]
[White "Agrest,E"]
[Black "Palo,D"]
[Result "0-1"]
[WhiteElo "2599"]
[BlackElo "2394"]
[EventDate "2002.09.22"]

1. c4 c5 2. Nf3 Nc6 3. d4 cxd4 4. Nxd4 g6 5. e4 Bg7 6. Be3 Nf6 7. Nc3 Ng4
8. Qxg4 Nxd4 9. Qd1 Ne6 10. Qd2 Qa5 11. Rc1 b6 12. Be2 Bb7 13. f3 g5 14.
O-O d6 15. Rfd1 h5 16. Rc2 h4 17. a3 Kf8 18. Qc1 Bxc3 19. Rxc3 Qe5 20. Qd2
Kg8 21. Rf1 f6 22. Rf2 Kg7 23. Bd1 Rac8 24. Bc2 Rc7 25. Bd3 Nf4 26. Bf1 Ne6
27. Rc1 Kf7 28. Bd3 Nc5 29. Rc3 Nxd3 30. Qxd3 h3 31. g3 g4 32. Bd4 Qe6 33.
Qe2 gxf3 34. Qxf3 Qxe4 35. Bxf6 Qe6 36. Re3 Bxf3 37. Rxe6 exf6 38. Rxd6 Ke7
39. Rd4 Bg2 40. Re2+ Kf7 41. Kf2 Re8 0-1

[Event "ECC"]
[Site "Halkidiki GRE"]
[Date "2002.09.28"]
[Round "7"]
[White "Boe,M"]
[Black "Carlsson,P"]
[Result "0-1"]
[WhiteElo "2390"]
[BlackElo "2400"]
[EventDate "2002.09.22"]

1. d4 Nf6 2. c3 e6 3. Bg5 h6 4. Bh4 d6 5. Nd2 g5 6. Bg3 Nh5 7. e3 Nxg3 8.
hxg3 Nd7 9. Bd3 Qe7 10. Ngf3 Bg7 11. Qe2 b6 12. a4 a6 13. O-O Bb7 14. Rfe1
d5 15. e4 dxe4 16. Bxe4 Bxe4 17. Qxe4 O-O 18. Nc4 Rab8 19. Ne3 Nf6 20. Qd3
a5 21. Qc4 Qd6 22. Rad1 c6 23. Qe2 b5 24. Ra1 b4 25. Nc4 Qd5 26. Nfe5 Rfc8
27. Rac1 bxc3 28. bxc3 c5 29. Rb1 cxd4 30. Nb6 Rxb6 31. Rxb6 dxc3 32. Rb5
Qd2 33. Rbb1 Nd5 34. Rbc1 Qxe2 35. Rxe2 Nb4 36. f4 c2 37. Rd2 Bxe5 38. fxe5
Rc3 39. Kf2 Nd3+ 40. Rxd3 Rxd3 41. Rxc2 Rd4 42. Ra2 Re4 0-1

[Event "ECC"]
[Site "Halkidiki GRE"]
[Date "2002.09.28"]
[Round "7"]
[White "Pedersen,F"]
[Black "Bergstrom,P"]
[Result "1-0"]
[WhiteElo "2266"]
[BlackElo "2306"]
[EventDate "2002.09.22"]

1. d4 d5 2. c4 c6 3. cxd5 cxd5 4. Nc3 Nc6 5. Nf3 Nf6 6. Bf4 a6 7. e3 Bg4 8.
Be2 e6 9. O-O Be7 10. h3 Bh5 11. a3 O-O 12. Rc1 Rc8 13. b4 b5 14. Nd2 Bxe2
15. Qxe2 Nd7 16. Nb3 Nb6 17. Nc5 Bxc5 18. dxc5 Nc4 19. Rfd1 Qf6 20. Qa2
Rfd8 21. Qb3 e5 22. Bg3 d4 23. Ne4 Qg6 24. Nd2 Nxe3 25. Re1 Nd5 26. Ne4 Nc3
27. Nxc3 dxc3 28. Bxe5 c2 29. Rxc2 h6 30. Rc3 Qh5 31. Rce3 Ra8 32. Qb2 Nxe5
33. Rxe5 Qg6 34. R5e4 Qf5 35. Rg4 g6 36. Rge4 Kh7 37. R4e3 Ra7 38. Re8 Rxe8
39. Rxe8 f6 40. Qb3 Rg7 41. Qe6 Qg5 42. Qd6 h5 43. Rf8 f5 44. f4 Qe7 45.
Qb8 Rf7 46. Rxf7+ Qxf7 47. Qd6 Qe8 48. Kf2 Qe4 49. Qc7+ Kh6 50. Qe5 Qc2+
51. Kg3 Kh7 52. Qe7+ Kh6 53. Kh4 Qc3 54. Qe5 1-0

[Event "ECC"]
[Site "Halkidiki GRE"]
[Date "2002.09.28"]
[Round "7"]
[White "Lindberg,Bo"]
[Black "Rasmussen,C"]
[Result "0-1"]
[WhiteElo "2284"]
[BlackElo "2304"]
[EventDate "2002.09.22"]

1. c4 e5 2. Nc3 Nc6 3. g3 g6 4. Bg2 Bg7 5. Nf3 d6 6. O-O f5 7. d3 Nf6 8.
Rb1 O-O 9. b4 h6 10. b5 Ne7 11. a4 g5 12. Ba3 f4 13. a5 Nf5 14. a6 Rb8 15.
axb7 Bxb7 16. c5 g4 17. Ne1 Bxg2 18. Nxg2 Nd4 19. gxf4 Nh5 20. fxe5 Bxe5
21. Ne4 Nf4 22. Nxf4 Rxf4 23. Ng3 Qh4 24. Bc1 Rf5 25. f4 gxf3 26. exf3 Bxg3
27. Rb2 Be5 28. Rg2+ Kh7 29. f4 Bxf4 30. Rxf4 Rxf4 31. Bxf4 Qxf4 32. Kh1
Rg8 33. Rxg8 Kxg8 34. Kg2 dxc5 35. h3 Qg5+ 0-1

[Event "ECC"]
[Site "Halkidiki GRE"]
[Date "2002.09.28"]
[Round "7"]
[White "Rewitz,P"]
[Black "Rygaard,Mic"]
[Result "0-1"]
[WhiteElo "2286"]
[BlackElo "2255"]
[EventDate "2002.09.22"]

1. e4 c6 2. d4 d5 3. Nc3 dxe4 4. Nxe4 Nd7 5. Nf3 Ngf6 6. Nxf6+ Nxf6 7. Bc4
Bf5 8. O-O e6 9. Re1 Bd6 10. Bb3 Qc7 11. h3 h6 12. c4 Bb4 13. Bd2 Bxd2 14.
Qxd2 O-O 15. Rad1 Rfd8 16. Bc2 Bxc2 17. Qxc2 Qa5 18. a3 Rac8 19. Re5 Qa6
20. Rd3 Rd6 21. b4 b6 22. g4 Nd7 23. Ree3 b5 24. c5 Rd5 25. h4 Nf8 26. Ne5
Rcd8 27. Qd2 f6 28. Nf3 Qc8 29. g5 e5 30. dxe5 Qg4+ 31. Kf1 Qc4 32. Ne1
fxe5 33. Qc3 Rxd3 34. Rxd3 Rxd3 35. Qxd3 Qxh4 36. Nf3 Qf4 37. gxh6 gxh6 38.
Qb3+ Kg7 39. Qc3 Kf6 40. Nd2 Ne6 41. Qd3 Nd4 42. Ne4+ Kg7 43. Ng3 Qf3 44.
Qxf3 Nxf3 45. Ke2 Nd4+ 46. Kd3 Kf6 47. Ke4 Nc2 48. Nh5+ Kg6 49. Ng3 Nxa3
50. Kxe5 Nc2 51. f4 Kf7 52. f5 Nxb4 53. Ne4 a5 54. f6 a4 55. Nd6+ Kf8 56.
Ke6 Nd3 0-1

[Event "ECC"]
[Site "Halkidiki GRE"]
[Date "2002.09.28"]
[Round "7"]
[White "Filipek,J"]
[Black "Coenen,N"]
[Result "1-0"]
[WhiteElo "2373"]
[BlackElo "2425"]
[EventDate "2002.09.22"]

1. e4 c5 2. Nf3 e6 3. d4 cxd4 4. Nxd4 Nf6 5. Nc3 d6 6. g4 h6 7. h4 Nc6 8.
Rg1 h5 9. gxh5 Nxh5 10. Bg5 Nf6 11. Qd2 a6 12. Nxc6 bxc6 13. O-O-O Qc7 14.
Bc4 Bb7 15. f4 Nd7 16. f5 e5 17. Na4 Nf6 18. Qe2 Qa5 19. Bb3 Qc7 20. Qc4
Rh7 21. Nb6 Rb8 22. Rg3 Nxe4 23. Nd5 Qd7 24. Qxe4 cxd5 25. Rxd5 Rc8 26. Ba4
Bc6 27. Rc3 Be7 28. Rxc6 Bxg5+ 29. hxg5 Kf8 30. Rxc8+ Qxc8 31. Rxd6 Qb8 32.
Rxa6 1-0

[Event "ECC"]
[Site "Halkidiki GRE"]
[Date "2002.09.28"]
[Round "7"]
[White "Ahn,M"]
[Black "Boeykens,M"]
[Result "1/2-1/2"]
[WhiteElo "2294"]
[BlackElo "2240"]
[EventDate "2002.09.22"]

1. e4 e6 2. d4 d5 3. Nc3 Nf6 4. e5 Nfd7 5. Nf3 c5 6. Bg5 Qb6 7. dxc5 Bxc5
8. Qd2 Nc6 9. O-O-O Ncxe5 10. Nxe5 Nxe5 11. Re1 f6 1/2-1/2

[Event "ECC"]
[Site "Halkidiki GRE"]
[Date "2002.09.28"]
[Round "7"]
[White "Dardha,A"]
[Black "Petzold,K"]
[Result "1-0"]
[WhiteElo "2245"]
[BlackElo "2257"]
[EventDate "2002.09.22"]

1. e4 c6 2. c4 d5 3. exd5 cxd5 4. cxd5 Nf6 5. Nc3 Nxd5 6. d4 Nc6 7. Nf3 e6
8. Bd3 Be7 9. O-O O-O 10. a3 Nf6 11. Bg5 b6 12. Qa4 Bb7 13. Rfd1 Nd5 14.
Nxd5 Bxg5 15. Ne3 Rc8 16. d5 exd5 17. Nxd5 Bf6 18. Bf5 Rb8 19. Nc3 Qe7 20.
Rd7 Qc5 21. Rd5 Qe7 22. Re1 b5 23. Qg4 Qc7 24. Ne4 Bd8 25. Bxh7+ Kxh7 26.
Qh5+ Kg8 27. Neg5 1-0

[Event "ECC"]
[Site "Halkidiki GRE"]
[Date "2002.09.28"]
[Round "7"]
[White "Plumanns,D"]
[Black "Barbier,W"]
[Result "1-0"]
[WhiteElo "2193"]
[BlackElo "2188"]
[EventDate "2002.09.22"]

1. d4 Nf6 2. Nf3 g6 3. b3 Bg7 4. Bb2 d5 5. e3 O-O 6. Bd3 Nbd7 7. c4 c5 8.
Nc3 e6 9. O-O b6 10. Qe2 Bb7 11. Rfd1 Qe7 12. a4 Rfd8 13. Ba3 e5 14. dxe5
Nxe5 15. Nxe5 Qxe5 16. Rac1 dxc4 17. bxc4 Qg5 18. f4 Qg4 19. Qf2 Qe6 20. h3
Re8 21. Re1 Rad8 22. Bf1 Ne4 23. Nxe4 Qxe4 24. Bb2 Bxb2 25. Qxb2 Bc6 26.
Ra1 Rd6 27. Ra2 Red8 28. Qe2 f5 29. Kh2 h6 30. Qf2 Qe8 31. a5 R8d7 32. axb6
axb6 33. Ree2 Re7 34. g4 Rde6 35. Bg2 Kh7 36. Ra3 Be4 37. Re1 Qc6 38. Bf1
Rd7 39. Qb2 Red6 40. Re2 Rd1 41. Bg2 Bxg2 42. Rxg2 Qxg2+ 43. Qxg2 R1d2 44.
gxf5 gxf5 45. Rb3 Rxg2+ 46. Kxg2 Rd6 47. Kf3 Kg6 48. Rb1 Kf7 49. h4 Kg6 50.
Rg1+ Kh5 51. Rg2 Rf6 52. e4 fxe4+ 53. Kxe4 Re6+ 54. Kd5 Re1 55. f5 Rf1 56.
Ke6 Kxh4 57. f6 Re1+ 58. Kd7 Rf1 59. Ke7 1-0

[Event "ECC"]
[Site "Halkidiki GRE"]
[Date "2002.09.28"]
[Round "7"]
[White "Horvath,Jo"]
[Black "Polzin,R"]
[Result "0-1"]
[WhiteElo "2535"]
[BlackElo "2462"]
[EventDate "2002.09.22"]

1. d4 Nf6 2. c4 g6 3. Nf3 Bg7 4. g3 O-O 5. Bg2 d6 6. Nc3 Nbd7 7. O-O e5 8.
e3 Re8 9. a4 a5 10. b3 exd4 11. exd4 Nb8 12. Bg5 h6 13. Be3 Nc6 14. h3 Nb4
15. Qd2 Kh7 16. g4 h5 17. Bg5 hxg4 18. hxg4 Qd7 19. Bxf6 Bxf6 20. Qf4 Kg7
21. g5 Bd8 22. Nd2 Qf5 23. Qxf5 Bxf5 24. Bxb7 Rb8 25. Be4 Bxg5 26. f4 Bf6
0-1

[Event "ECC"]
[Site "Halkidiki GRE"]
[Date "2002.09.28"]
[Round "7"]
[White "Borriss,M"]
[Black "Hoelzl,F"]
[Result "1-0"]
[WhiteElo "2439"]
[BlackElo "2393"]
[EventDate "2002.09.22"]

1. e4 c5 2. Nf3 d6 3. d4 cxd4 4. Nxd4 Nf6 5. Nc3 a6 6. Be3 Nbd7 7. f3 e5 8.
Nb3 Be7 9. g4 Nb6 10. Qd2 Be6 11. g5 Nh5 12. O-O-O O-O 13. Kb1 a5 14. Qf2
Nd7 15. h4 a4 16. Nc1 a3 17. b3 f5 18. Bh3 Rc8 19. Qd2 Kh8 20. N1e2 Rc6 21.
Nb5 Qa8 22. c4 g6 23. Rhf1 Nc5 24. Nec3 fxe4 25. Bxe6 Nxe6 26. Nd5 Qd8 27.
fxe4 Ng3 28. Rxf8+ Bxf8 29. Qg2 Nh5 30. Qg4 Nef4 31. Nxa3 Nxd5 32. exd5 Ra6
33. Nb5 Ng7 34. Nc3 Nf5 35. Bd2 Bg7 36. h5 Kg8 37. h6 Bf8 38. Ne4 Be7 39.
Rf1 Ra8 40. Bc3 Qd7 41. a4 Rf8 42. Kb2 b6 43. Ng3 Rf7 44. Bd2 Bd8 45. Ne4
Qe8 46. Qg1 Qf8 47. Bb4 Nxh6 48. Rxf7 Nxf7 49. Qg4 Be7 50. Bd2 Qd8 51. Be3
Qc7 52. Kc3 Qa7 53. Qc8+ Kg7 54. Qc6 Qb8 55. Qxb6 Qc8 56. Bd2 Qh3+ 57. Qe3
Qh1 58. Kb2 Bd8 59. a5 Qg2 60. a6 1-0

[Event "ECC"]
[Site "Halkidiki GRE"]
[Date "2002.09.28"]
[Round "7"]
[White "Steflitsch,E"]
[Black "Poldauf,D"]
[Result "0-1"]
[WhiteElo "2399"]
[BlackElo "2410"]
[EventDate "2002.09.22"]

1. e4 e6 2. d4 d5 3. Nc3 Bb4 4. e5 c5 5. a3 Bxc3+ 6. bxc3 Ne7 7. Qg4 Qc7 8.
Qxg7 Rg8 9. Qxh7 cxd4 10. Ne2 Nbc6 11. f4 Bd7 12. Rb1 dxc3 13. Qd3 O-O-O
14. Qxc3 Nf5 15. Rg1 d4 16. Qd3 Na5 17. Rb4 a6 18. g4 Nh4 19. a4 f6 20.
exf6 e5 21. f7 Rgf8 22. Rg3 Rxf7 23. Rh3 Bc6 24. Qa3 exf4 25. Kf2 Re8 26.
Rxd4 f3 27. Nf4 Ng2 28. Rxf3 Bxf3 29. Qxf3 Qxc2+ 30. Kg3 Qxc1 31. Kxg2 Ref8
32. Kg3 Nc6 33. Rc4 Qe1+ 34. Kg2 Kb8 35. Re4 Qd2+ 36. Kg3 Qd6 37. Bc4 Rf6
38. Qe3 Ne7 39. Rxe7 Rxf4 40. Re8+ 0-1

[Event "ECC"]
[Site "Halkidiki GRE"]
[Date "2002.09.28"]
[Round "7"]
[White "Thiede,L"]
[Black "Pilaj,H"]
[Result "1-0"]
[WhiteElo "2416"]
[BlackElo "2312"]
[EventDate "2002.09.22"]

1. g3 c5 2. c4 Nc6 3. Bg2 g6 4. Nc3 Bg7 5. a3 d6 6. Nf3 a5 7. O-O e5 8. Ne1
Nge7 9. Nc2 Be6 10. Ne3 O-O 11. d3 Rb8 12. Rb1 h6 13. Ned5 Kh7 14. Bd2 f5
15. Qa4 Bd7 16. Qc2 Nxd5 17. Bxd5 Nd4 18. Qd1 b5 19. e3 b4 20. exd4 bxc3
21. bxc3 exd4 22. cxd4 Bxd4 23. Rxb8 Qxb8 24. Re1 Re8 25. Rxe8 Qxe8 26.
Bxa5 Bc6 27. Bxc6 Qxc6 28. Bd2 g5 29. a4 Kg6 30. a5 h5 31. Qe2 h4 32. Qe6+
Bf6 33. Bc3 h3 34. Qxf6+ Kh5 35. Qf7+ Kg4 36. Qd5 1-0

[Event "ECC"]
[Site "Halkidiki GRE"]
[Date "2002.09.28"]
[Round "7"]
[White "Stefansson,H"]
[Black "Kiik,K"]
[Result "1-0"]
[WhiteElo "2588"]
[BlackElo "2450"]
[EventDate "2002.09.22"]

1. e4 c5 2. Nf3 g6 3. Nc3 Bg7 4. d4 cxd4 5. Nxd4 d6 6. Be3 Nf6 7. f3 O-O 8.
Qd2 d5 9. e5 Nfd7 10. f4 Nb6 11. Be2 Nc6 12. O-O-O Bd7 13. Nf3 e6 14. Bc5
Re8 15. h4 Rc8 16. Bd6 Ne7 17. g4 Nc4 18. Bxc4 Rxc4 19. Ne2 Nc8 20. Bb4 Qb6
21. a3 Qa6 22. Kb1 Nb6 23. Ned4 Rec8 24. h5 Na4 25. f5 exf5 26. gxf5 Rxc2
27. Nxc2 Rxc2 28. Qxc2 Bxf5 29. Qxf5 gxf5 30. h6 Bxh6 31. Rhg1+ Bg7 32. Be7
Qb6 33. Rd2 Kh8 34. Rdg2 h5 35. Ng5 Kg8 36. Ne6 Kh8 37. Nxg7 Qb3 38. Bb4 f4
39. Ne8 Kh7 40. Nf6+ 1-0

[Event "ECC"]
[Site "Halkidiki GRE"]
[Date "2002.09.28"]
[Round "7"]
[White "Karlsson,A"]
[Black "Lampen,T"]
[Result "1/2-1/2"]
[WhiteElo "2347"]
[BlackElo "2315"]
[EventDate "2002.09.22"]

1. e4 e6 2. d4 d5 3. Nd2 Nf6 4. e5 Nfd7 5. Bd3 c5 6. c3 Nc6 7. Ne2 cxd4 8.
cxd4 Qb6 9. Nf3 f6 10. Nf4 fxe5 11. Nxe6 Nf6 12. dxe5 Ng4 13. Ned4 Bb4+ 14.
Ke2 Nxd4+ 15. Nxd4 Nxf2 16. Bb5+ Qxb5+ 17. Nxb5 Nxd1 18. h3 Nf2 19. Kxf2
O-O+ 20. Kg3 Bd7 21. Nc7 Rac8 22. Nxd5 Bc5 23. Bf4 Bc6 24. Rhd1 Rcd8 25.
Nc7 Bf2+ 26. Kxf2 Rxf4+ 27. Kg3 Rfd4 28. Rxd4 Rxd4 29. Ne6 Rd2 30. Rf1
Rxg2+ 31. Kh4 h6 32. Rf8+ Kh7 33. Nd4 Rxb2 34. e6 Rb4 35. Rd8 Kg6 36. Kg3
Kf6 37. Rf8+ Ke7 38. Rf7+ Kd6 39. Nxc6 bxc6 40. Rxa7 Kxe6 41. Rxg7 c5 42.
Rg6+ Kd5 43. Rxh6 c4 44. Kf3 Ra4 45. Ke3 Ra3+ 46. Kd2 Rxa2+ 47. Kc3 Ra3+
48. Kc2 Rg3 49. Rh8 Kd4 50. Rd8+ Kc5 51. Rc8+ 1/2-1/2

[Event "ECC"]
[Site "Halkidiki GRE"]
[Date "2002.09.28"]
[Round "7"]
[White "Nivala,T"]
[Black "Bergsson,Sn"]
[Result "0-1"]
[WhiteElo "2218"]
[BlackElo "2288"]
[EventDate "2002.09.22"]

1. Nc3 d5 2. e4 e6 3. d4 Bb4 4. a3 Bxc3+ 5. bxc3 dxe4 6. Qg4 Nf6 7. Qxg7
Rg8 8. Qh6 c5 9. Ne2 Nbd7 10. g3 Qa5 11. Bd2 Qa4 12. Bh3 Qxc2 13. Rc1 Qb2
14. Nf4 b6 15. d5 Ba6 16. c4 Ne5 17. O-O Nf3+ 18. Kh1 Nxd2 19. dxe6 Nxf1
20. exf7+ Kxf7 21. Be6+ Ke7 22. Bxg8 Rxg8 23. Rxf1 Bxc4 24. Rd1 Qxf2 25.
Rg1 e3 0-1

[Event "ECC"]
[Site "Halkidiki GRE"]
[Date "2002.09.28"]
[Round "7"]
[White "Gretarsson,A"]
[Black "Porrasmaa,T"]
[Result "1/2-1/2"]
[WhiteElo "2313"]
[BlackElo "2216"]
[EventDate "2002.09.22"]

1. e4 d6 2. d4 Nf6 3. Nc3 g6 4. f4 Bg7 5. Nf3 c5 6. dxc5 Qa5 7. Bd3 Qxc5 8.
Qe2 Bg4 9. Be3 Qa5 10. O-O O-O 11. h3 Bxf3 12. Rxf3 Nc6 13. Kh1 a6 14. Rd1
Rac8 15. Bc4 Qc7 16. g4 e6 17. Bb3 Na5 18. Bd4 h6 19. Qf2 Nxb3 20. cxb3 Qc6
21. Re1 b5 22. a3 a5 23. Qe2 b4 24. Nd1 Rfe8 25. Kh2 Nxg4+ 26. hxg4 Bxd4
27. Rh3 Kg7 28. Rd3 Bf6 29. axb4 axb4 30. Qd2 Red8 31. Qxb4 Qc1 32. Kg3 g5
33. fxg5 hxg5 34. Qd2 Qc5 35. Rh1 Rh8 36. Rxh8 Rxh8 37. Nf2 Be5+ 38. Kf3
Kg6 39. b4 Qc6 40. Ra3 Qb7 41. Ra1 Qe7 42. Rh1 Qf6+ 43. Kg2 Rc8 44. Nd3 Bf4
45. Qe2 Rb8 46. Qf2 Rc8 47. Qe2 Rb8 1/2-1/2

[Event "ECC"]
[Site "Halkidiki GRE"]
[Date "2002.09.28"]
[Round "7"]
[White "Maki,V"]
[Black "Atakisi,U"]
[Result "1/2-1/2"]
[WhiteElo "2384"]
[BlackElo "2361"]
[EventDate "2002.09.22"]

1. e4 c5 2. Nf3 Nc6 3. d4 cxd4 4. Nxd4 Nf6 5. Nc3 e5 6. Ndb5 d6 7. Bg5 a6
8. Na3 b5 9. Bxf6 gxf6 10. Nd5 Bg7 11. Bd3 Ne7 12. Nxe7 Qxe7 13. c4 f5 14.
O-O O-O 15. Qf3 Re8 16. Rfe1 b4 17. Nc2 f4 18. Nxb4 Rb8 19. Nc6 Qg5 20.
Nxb8 Bg4 21. Qxg4 Qxg4 22. Nxa6 f3 23. g3 Re6 24. Bf1 Rh6 25. Re3 Qh5 26.
h3 f5 27. exf5 Qxf5 28. Rae1 Rg6 29. Kh2 Qc2 30. Rxf3 Rf6 31. Rxf6 Bxf6 32.
Kg1 e4 33. Nb4 Qd2 34. Nd5 Qxe1 35. Nxf6+ Kf7 36. Nd5 Ke6 37. b4 e3 38.
Nxe3 Qxb4 39. Nd5 Qa3 40. Ne3 Qxa2 41. Bd3 h6 42. Be4 Ke5 43. Bd5 Qd2 44.
Kg2 Kd4 45. Nf5+ Kc5 46. h4 Qc1 47. Kf3 Qd1+ 48. Kg2 Qc1 1/2-1/2

[Event "ECC"]
[Site "Halkidiki GRE"]
[Date "2002.09.28"]
[Round "7"]
[White "Lehtinen,H"]
[Black "Erdogan,H"]
[Result "1/2-1/2"]
[WhiteElo "2338"]
[BlackElo "2218"]
[EventDate "2002.09.22"]

1. c4 e5 2. g3 Nc6 3. Bg2 g6 4. Nc3 Bg7 5. e4 d6 6. Nge2 h5 7. h4 Bg4 8. f3
Be6 9. d3 Qd7 10. Nd5 Nce7 11. d4 c6 12. Nxe7 Qxe7 13. d5 Bd7 14. Qb3 Bc8
15. Qd3 Nf6 16. O-O O-O 17. Bg5 Qc7 18. dxc6 bxc6 19. Rfd1 Be6 20. Rac1
Qb6+ 21. Be3 Qxb2 22. Rc2 Qb7 23. Qxd6 Rad8 24. Qxd8 Rxd8 25. Rxd8+ Kh7 26.
Rd1 Qa6 27. Rdc1 Nd7 28. Bf1 Qa3 29. Kf2 Bf8 30. c5 f5 31. Ng1 Be7 32. Rc3
Qxa2+ 33. R1c2 Qa5 34. Nh3 fxe4 35. fxe4 Bxh3 36. Bxh3 Nf6 37. Kf3 Qb4 38.
Rc4 Qe1 39. Re2 Qd1 40. Rb4 Kg8 41. Be6+ Kg7 42. Rb7 Qh1+ 43. Rg2 Qd1+ 44.
Re2 Qh1+ 45. Rg2 Qd1+ 1/2-1/2

[Event "ECC"]
[Site "Halkidiki GRE"]
[Date "2002.09.28"]
[Round "7"]
[White "Kilicaslan,H"]
[Black "Mertanen,J"]
[Result "1/2-1/2"]
[WhiteElo "2260"]
[BlackElo "2241"]
[EventDate "2002.09.22"]

1. d4 d5 2. Nf3 Nf6 3. c4 c6 4. e3 Bg4 5. Nc3 e6 6. Qb3 Qb6 7. Ne5 Bf5 8.
c5 Qc7 9. Bd2 Nbd7 10. f4 Nxe5 11. fxe5 Ne4 12. Be2 Nxd2 13. Kxd2 f6 14.
exf6 gxf6 15. Raf1 Bh6 16. g4 Bg6 17. Rxf6 Qe7 18. Rhf1 Bg5 19. R6f3 O-O-O
20. Qa4 Kb8 21. b4 e5 22. Kd1 exd4 23. exd4 Rhf8 24. b5 Rxf3 25. Rxf3 Rf8
26. bxc6 Rxf3 27. c7+ Qxc7 28. Nb5 Qf4 29. Qxa7+ Kc8 30. Qa8+ Kd7 31. Qxb7+
Kd8 32. Qxd5+ Ke8 33. Qa8+ Kd7 34. Qb7+ Kd8 35. Qa8+ Kd7 1/2-1/2

[Event "ECC"]
[Site "Halkidiki GRE"]
[Date "2002.09.28"]
[Round "7"]
[White "Hokkanen,P"]
[Black "Guner,B"]
[Result "1-0"]
[WhiteElo "2248"]
[BlackElo "2142"]
[EventDate "2002.09.22"]

1. e4 e5 2. Nf3 Nc6 3. Bb5 a6 4. Bxc6 dxc6 5. O-O f6 6. d4 exd4 7. Nxd4 c5
8. Nb3 Qxd1 9. Rxd1 Bg4 10. f3 Be6 11. Be3 b6 12. Nc3 Bd6 13. a4 Kf7 14. a5
c4 15. Nd4 b5 16. Nxe6 Kxe6 17. Nd5 Ne7 18. Nxe7 Kxe7 19. Kf2 Rhd8 20. f4
Rd7 21. Kf3 Re8 22. g4 Kd8 23. Bf2 Kc8 24. h4 Rde7 25. Re1 Kb7 26. c3 Rd7
27. Rad1 Kc6 28. g5 Rf7 29. f5 Rff8 30. Bd4 Be7 31. Kg4 Bd6 32. gxf6 gxf6
33. Kf3 Be7 34. Rg1 Rg8 35. h5 Kb7 36. h6 c5 37. Be3 Kc6 38. Rg7 Rxg7 39.
hxg7 Rg8 40. Rg1 Kd7 41. Rd1+ Kc6 42. Rg1 Kd7 43. Bf4 b4 44. e5 b3 45. Ke4
Kc6 46. exf6 Bxf6 47. Be5 1-0

[Event "ECC"]
[Site "Halkidiki GRE"]
[Date "2002.09.28"]
[Round "7"]
[White "Bolcan,E"]
[Black "Sisatto,O"]
[Result "0-1"]
[WhiteElo "2033"]
[BlackElo "2227"]
[EventDate "2002.09.22"]

1. Nf3 d5 2. d4 c5 3. e3 cxd4 4. exd4 Nf6 5. Bd3 Bg4 6. c3 Nc6 7. Qb3 Bxf3
8. Qxb7 Qc8 9. Qxc8+ Rxc8 10. gxf3 Nxd4 11. Be3 Nxf3+ 12. Ke2 Ne5 13. Bb5+
Ned7 14. Bxa7 e5 15. Rg1 d4 16. f4 Bc5 17. Bxc5 Rxc5 18. Bxd7+ Kxd7 19.
Rxg7 Nh5 20. Rxf7+ Ke6 21. Rb7 Nxf4+ 22. Kf3 Rf8 23. Ke4 Nd5 24. a4 Rf1 25.
a5 Re1+ 26. Kd3 Nf4+ 27. Kd2 Re2+ 28. Kd1 d3 29. Rb6+ Kf5 30. Rd6 Rd5 31.
Rh6 Ng2 32. Rh3 e4 33. a6 e3 34. Rh5+ Kg6 0-1